Sports Quiz

Random Sports or Football Quiz

NFL: Almost Back-to-Back Super Bowl Wins Quiz Stats

 Plays Quiz Updated Feb 4, 2018

Challenge
Share
Tweet
Embed
Score 0/5 Timer 01:00
9 Plays Today
Super Bowl Team % Correct
LIINew England Patriots
97.8%
XLIXSeattle Seahawks
84.3%
XXXIIGreen Bay Packers
84.3%
XIIIDallas Cowboys
83.2%
XVIIIWashington Redskins
64.3%

You're not logged in!

Compare scores with friends on all Sporcle quizzes.
OR
Log In

You Might Also Like...

Show Comments

Extras

Top Quizzes Today


Score Distribution

Your Account Isn't Verified!

In order to create a playlist on Sporcle, you need to verify the email address you used during registration. Go to your Sporcle Settings to finish the process.

Report this User

Report this user for behavior that violates our Community Guidelines.

Details: